000 00640nam a22001937a 4500
999 _c197347
_d197347
005 20230822115554.0
010 _aUR-12149
020 _a9789393785633
_c800.00
035 _aU-10704
037 _bDBAD/PUB
082 _a844
100 _aمحمود احمد عبا سی
245 _aتز کرت الکرام /
_cمحمود احمد عبا سی
246 _aTazkiratul Kirami /
_bby Mahmood Ahmed Abbasi
260 _aNew Delhi
_bEducational Publishing House
_c2022 ء
270 _aH.o. D1/16, Ansari Road, Darya Ganj
_bNew Delhi
_e110002
300 _a468 ص
_c23cm(Hb)
942 _2ddc
_cUR
_mم ح م
_e
_h844